000 00800nam a2200193Ia 4500
003 GCL
008 140319s9999 xx 000 0 ara d
040 _aGCL /
_cGCL
082 0 4 _a320.54
_bم م
100 1 _aمحمد عايد الجابرى
245 1 0 _aالمشروع النهضوى العربى : مراجعة نقدية أ } /
_cمحمد عايد الجابرى
300 _aىp t t t t t t
650 0 4 _aالسياسة
650 0 4 _aالقومية العربية
650 0 4 _aالايديولوجيا
650 0 4 _aالنهضة - البلدان العربية
650 0 4 _aالايديولوجية
942 _2ddc
_cBK
999 _c48870
_d48870